[Event "?"]
[Site "ICS rated blitz match, 192.23"]
[Date "1997.??.??"]
[Round "?"]
[White "Brause"]
[Black "oldtimer"]
[Result "1-0"]
[WhiteElo "2620"]
[BlackElo "2655"]
[PlyCount "97"]

1. e4 e5 2. Nf3 Nc6 3. Nc3 Nf6 4. Nxe5 Nxe5 5. d4 Ng6 6. e5 Ng8 7. Bc4 d5 8.
Bxd5 c6 9. Be4 f5 10. Bf3 Bb4 11. O-O N8e7 12. Ne2 Be6 13. c3 Ba5 14. Nf4 Nxf4
15. Bxf4 O-O 16. Bg5 Bb6 17. a4 a5 18. b3 Re8 19. Bh5 g6 20. Bf3 Qd7 21. Qc2 c5
22. Bxe7 Qxe7 23. d5 Bc8 24. Qd2 Rd8 25. Qe3 f4 26. Qxf4 Rf8 27. Qe3 Rxf3 28.
gxf3 Bh3 29. Rfe1 c4 30. Qh6 Bf5 31. bxc4 Qc5 32. Qe3 Qc7 33. Qe2 Bc5 34. d6
Qd8 35. Qd2 Be6 36. Re4 Qd7 37. Rf4 Re8 38. Qd3 Qc6 39. Qe4 Qd7 40. Rf6 b6 41.
Qh4 Bf5 42. Qg3 Rf8 43. Rxf8+ Kxf8 44. Qf4 Kg8 45. Qd2 Be6 46. Qd3 Qf7 47. Qe4
Qd7 48. Qa8+ Kg7 49. Qb8 1-0

[Event "?"]
[Site "ICS rated blitz match, 192.23"]
[Date "1997.??.??"]
[Round "?"]
[White "Brause"]
[Black "oldtimer"]
[Result "1-0"]
[WhiteElo "2635"]
[BlackElo "2635"]
[PlyCount "93"]

1. e4 e5 2. Nf3 Nc6 3. Nc3 Nf6 4. Nxe5 Nxe5 5. d4 Ng6 6. e5 Ng8 7. Bc4 d5 8.
Bxd5 c6 9. Be4 f5 10. Bf3 Bb4 11. O-O N8e7 12. Ne2 Be6 13. c3 Ba5 14. Nf4 Nxf4
15. Bxf4 O-O 16. Bg5 Bb6 17. a4 a5 18. b3 Re8 19. Bh5 g6 20. Be2 Qc7 21. Bf3
Rad8 22. Re1 Bd5 23. Be2 c5 24. c4 Bf7 25. Bd3 Rxd4 26. e6 Qd6 27. exf7+ Kxf7
28. Re3 Nc6 29. Rxe8 Kxe8 30. Qe2+ Qe5 31. Qxe5+ Nxe5 32. Bc2 Kd7 33. Re1 Nc6
34. Kf1 Rd6 35. Bf4 Re6 36. Be3 Nb4 37. Bb1 Kc6 38. Bd2 Rxe1+ 39. Kxe1 Bc7 40.
Ke2 Be5 41. h3 Kd6 42. Bxb4 cxb4 43. Ke3 Kc5 44. g4 Bd4+ 45. Ke2 fxg4 46. hxg4
Kd6 47. f4 1-0

[Event "?"]
[Site "ICS rated blitz match, 192.23"]
[Date "1997.??.??"]
[Round "?"]
[White "Brause"]
[Black "KC-KID"]
[Result "1-0"]
[WhiteElo "2655"]
[BlackElo "1940"]
[PlyCount "32"]

1. e4 e5 2. Nf3 Nc6 3. Nc3 Nf6 4. Nxe5 Nxe5 5. d4 Neg4 6. e5 Nxf2 7. Kxf2 Ng8
8. Bf4 Qh4+ 9. g3 Qd8 10. Bg2 Ne7 11. Bg5 h6 12. Qh5 g6 13. Qh4 Bg7 14. Bf6 g5
15. Qe4 Bxf6 16. exf6 O-O 1-0

[Event "?"]
[Site "ICS rated blitz match, 192.23"]
[Date "1997.??.??"]
[Round "?"]
[White "Brause"]
[Black "Glenbo"]
[Result "1-0"]
[WhiteElo "2620"]
[BlackElo "1970"]
[PlyCount "28"]

1. e4 e5 2. Nf3 Nf6 3. Nc3 Nc6 4. Nxe5 Nxe5 5. d4 Nc6 6. d5 Nb8 7. e5 Ng8 8. d6
cxd6 9. exd6 Qb6 10. Nb5 Na6 11. Qe2+ Kd8 12. Be3 Qc6 13. O-O-O Nf6 14. Nxa7
Bxd6 1-0

[Event "?"]
[Site "ICS rated blitz match, 192.23"]
[Date "1997.??.??"]
[Round "?"]
[White "Brause"]
[Black "constrictor"]
[Result "1-0"]
[WhiteElo "2580"]
[BlackElo "2185"]
[PlyCount "28"]

1. e4 e5 2. Nf3 Nc6 3. Nc3 Nf6 4. Nxe5 Nxe5 5. d4 Nc6 6. d5 Nb8 7. e5 Ng8 8. d6
cxd6 9. exd6 Nc6 10. Nb5 Bxd6 11. Qxd6 Qe7+ 12. Be3 a6 13. Nc7+ Kd8 14. Qxe7+
Kxe7 1-0

[Event "?"]
[Site "ICS rated blitz match, 192.23"]
[Date "1997.??.??"]
[Round "?"]
[White "Brause"]
[Black "agro"]
[Result "1/2-1/2"]
[WhiteElo "2585"]
[BlackElo "2580"]
[PlyCount "101"]

1. e4 e5 2. Nf3 Nc6 3. Nc3 Nf6 4. Nxe5 Nxe5 5. d4 Ng6 6. e5 Ng8 7. Bc4 d5 8.
Bxd5 N8e7 9. Bb3 Be6 10. d5 Bf5 11. Qd4 Nc8 12. Ba4+ Bd7 13. e6 fxe6 14. dxe6
Bxa4 15. Qxa4+ c6 16. O-O Qh4 17. Qxh4 Nxh4 18. Rd1 Nb6 19. Be3 Rd8 20. Rxd8+
Kxd8 21. Rd1+ Kc8 22. Bxb6 axb6 23. Rd7 Ng6 24. Na4 b5 25. Nb6+ Kb8 26. Rf7 Ka7
27. Nd7 Bd6 28. Rxg7 Nf8 29. Nxf8 Bxf8 30. Rg4 Bc5 31. Kf1 Re8 32. Re4 Kb6 33.
f4 Be7 34. f5 Bf6 35. c3 h5 36. g4 hxg4 37. Rxg4 Kc5 38. Ke2 Kd5 39. Rg2 Ke5
40. Rf2 Rh8 41. Kd3 Rh5 42. Re2+ Kd6 43. Ke4 Rh4+ 44. Kf3 Rh3+ 45. Kf4 Rh4+ 46.
Kg3 Rh5 47. Kg4 Rh4+ 48. Kg3 Rh5 49. Rf2 Ke5 50. Re2+ Kd6 51. e7 1/2-1/2

[Event "?"]
[Site "ICS rated blitz match, 192.23"]
[Date "1997.??.??"]
[Round "?"]
[White "Brause"]
[Black "agro"]
[Result "1-0"]
[WhiteElo "2585"]
[BlackElo "2580"]
[PlyCount "89"]

1. e4 e5 2. Nf3 Nc6 3. Nc3 Nf6 4. Nxe5 Nxe5 5. d4 Ng6 6. e5 Ng8 7. Bc4 d5 8.
Bxd5 N8e7 9. Bb3 c6 10. f4 Be6 11. O-O Nf5 12. Ne2 Bxb3 13. axb3 h5 14. c3 h4
15. Qc2 Nge7 16. Rf3 Qd5 17. c4 Nxd4 18. Nxd4 Qxd4+ 19. Be3 Qd7 20. Rxa7 Rxa7
21. Bxa7 Nf5 22. Rd3 Qc8 23. Qf2 Be7 24. Bb6 Qe6 25. Qd2 O-O 26. Rd7 Ra8 27.
Rxb7 Ra1+ 28. Kf2 h3 29. gxh3 Bh4+ 30. Kf3 Rf1+ 31. Ke2 Re1+ 32. Kd3 Qg6 33.
Kc3 Re4 34. Qd7 Be1+ 35. Kc2 Ne3+ 36. Kb1 Rxf4+ 37. Ka2 Nc2 38. Bc5 Kh7 39. Rc7
Rf1 40. Qd1 Qf5 41. Rxf7 Qxf7 42. Qxc2+ Kg8 43. Qg2 Rf3 44. Qe2 Qf5 45. Qxe1
1-0

[Event "?"]
[Site "ICS rated blitz match, 192.23"]
[Date "1997.??.??"]
[Round "?"]
[White "Brause"]
[Black "agro"]
[Result "1-0"]
[WhiteElo "2605"]
[BlackElo "2560"]
[PlyCount "59"]

1. e4 e5 2. Nf3 Nc6 3. Nc3 Nf6 4. Nxe5 Nxe5 5. d4 Ng6 6. e5 Ng8 7. Bc4 d5 8.
Bxd5 N8e7 9. Bb3 c6 10. Ne4 Nd5 11. Bg5 Be7 12. Nd6+ Kf8 13. Bxe7+ Qxe7 14. O-O
Ndf4 15. Nxf7 Rg8 16. Qf3 Be6 17. Bxe6 Qxe6 18. Ng5 Qf5 19. Nxh7+ Ke7 20. Qb3
b5 21. Qa3+ Kf7 22. Qb3+ Ne6 23. f4 Ke7 24. d5 cxd5 25. Qb4+ Kd7 26. Qxb5+ Kc7
27. Qa5+ Kb7 28. Qxd5+ Kb6 29. Rf3 Nc5 30. Qd6+ 1-0

[Event "?"]
[Site "ICS rated blitz match, 192.23"]
[Date "1997.??.??"]
[Round "?"]
[White "Brause"]
[Black "chuno4"]
[Result "1-0"]
[WhiteElo "2605"]
[BlackElo "1905"]
[PlyCount "59"]

1. e4 e5 2. Nf3 Nc6 3. Nc3 Nf6 4. Nxe5 Nxe5 5. d4 Nc6 6. d5 Ne5 7. f4 Neg4 8.
e5 d6 9. exf6 Qxf6 10. Bb5+ c6 11. dxc6 bxc6 12. Bxc6+ Bd7 13. Qe2+ Qe6 14.
Bxa8 Qxe2+ 15. Nxe2 g6 16. h3 Nf6 17. Be3 Bg7 18. Bxa7 O-O 19. Bf3 Re8 20.
O-O-O Ne4 21. Bxe4 Rxe4 22. Rxd6 Bxh3 23. Rd8+ Re8 24. Rxe8+ Bf8 25. Rxh3 g5
26. Bc5 Kg7 27. Bxf8+ Kf6 28. Rh6+ Kf5 29. Re5+ Kg4 30. Rxg5# 1-0

[Event "?"]
[Site "ICS rated blitz match, 192.23"]
[Date "1997.??.??"]
[Round "?"]
[White "Brause"]
[Black "kalten"]
[Result "1-0"]
[WhiteElo "2550"]
[BlackElo "2150"]
[PlyCount "23"]

1. e4 e5 2. Nf3 Nc6 3. Nc3 Nf6 4. Nxe5 Nxe5 5. d4 Bb4 6. dxe5 Nxe4 7. Qg4 Nxc3
8. Qxb4 Nd5 9. Qg4 g6 10. Bc4 d6 11. Qe4 Nb6 12. exd6+ 1-0

[Event "?"]
[Site "ICS rated blitz match, 192.23"]
[Date "1997.??.??"]
[Round "?"]
[White "Brause"]
[Black "kalten"]
[Result "1-0"]
[WhiteElo "2555"]
[BlackElo "2140"]
[PlyCount "51"]

1. e4 e5 2. Nf3 Nc6 3. Nc3 Nf6 4. Nxe5 Nxe5 5. d4 Nc6 6. d5 Nb8 7. e5 Ng8 8. d6
cxd6 9. exd6 Bxd6 10. Qxd6 Qe7+ 11. Qxe7+ Nxe7 12. Nb5 Na6 13. Nd6+ Kf8 14. Bd2
Nc7 15. Bc4 a6 16. Nxf7 b5 17. Nxh8 bxc4 18. Ba5 Ncd5 19. O-O-O Kg8 20. Bd8 Bb7
21. Bxe7 Kxh8 22. Rhe1 Kg8 23. Re5 Kf7 24. Bc5 Nf6 25. f3 d5 26. Re7+ 1-0

[Event "?"]
[Site "ICS rated blitz match, 192.23"]
[Date "1997.??.??"]
[Round "?"]
[White "Brause"]
[Black "kalten"]
[Result "1/2-1/2"]
[WhiteElo "2560"]
[BlackElo "2135"]
[PlyCount "122"]

1. e4 e5 2. Nf3 Nc6 3. Nc3 Nf6 4. Nxe5 Nxe5 5. d4 Ng6 6. e5 Ng8 7. Bc4 Bb4 8.
Qf3 Qe7 9. O-O Bxc3 10. bxc3 Nh6 11. g3 O-O 12. Bxh6 gxh6 13. Rae1 d6 14. exd6
Qxd6 15. Re3 c6 16. Qh5 Bd7 17. Qxh6 Rae8 18. Rfe1 Rxe3 19. Qxe3 Re8 20. Qd2
Rxe1+ 21. Qxe1 Be6 22. Bb3 Bxb3 23. cxb3 Qe6 24. Qxe6 fxe6 25. Kf1 e5 26. dxe5
Nxe5 27. Ke2 Kf7 28. f4 Nd7 29. Kd3 Ke6 30. g4 Nf6 31. h3 Nd5 32. f5+ Kf6 33.
Kd4 h6 34. a4 Nf4 35. h4 Ng2 36. h5 Nf4 37. a5 b6 38. Ke4 Nd5 39. c4 Nb4 40.
axb6 axb6 41. Ke3 Ke5 42. Kf3 Nc2 43. g5 hxg5 44. h6 Kf6 45. h7 Kg7 46. Kg4
Kxh7 47. Kxg5 Kg7 48. Kf4 Nd4 49. b4 Nc2 50. Ke5 Nxb4 51. Ke6 Kf8 52. Ke5 b5
53. Kd4 bxc4 54. Kxc4 Na6 55. Kd4 c5+ 56. Ke5 Kf7 57. Ke4 Kf6 58. Kf4 Nc7 59.
Ke4 Na6 60. Kf4 Nb4 61. Ke4 Na6 1/2-1/2

[Event "?"]
[Site "ICS rated blitz match, 192.23"]
[Date "1997.??.??"]
[Round "?"]
[White "Brause"]
[Black "GeorgeJohn"]
[Result "1-0"]
[WhiteElo "2605"]
[BlackElo "2350"]
[PlyCount "49"]

1. e4 e5 2. Nf3 Nc6 3. Nc3 Nf6 4. Nxe5 Nxe5 5. d4 Nc6 6. d5 Ne5 7. f4 Ng6 8. e5
Ng8 9. d6 cxd6 10. exd6 Qh4+ 11. g3 Qf6 12. Nb5 Kd8 13. Be3 b6 14. Nxa7 Qxb2
15. Rb1 Qxa2 16. Bxb6+ Ke8 17. Nb5 Rb8 18. Qd4 Qxb1+ 19. Kd2 Rxb6 20. Qxb6 Qb4+
21. Ke3 Qe1+ 22. Be2 Nf6 23. Nc7+ Kd8 24. Ne6+ Ke8 25. Qd8# 1-0

[Event "?"]
[Site "ICS rated blitz match, 192.23"]
[Date "1997.??.??"]
[Round "?"]
[White "Brause"]
[Black "oldtimer"]
[Result "1-0"]
[WhiteElo "2535"]
[BlackElo "2360"]
[PlyCount "115"]

1. e4 e5 2. Nf3 Nc6 3. Nc3 Nf6 4. Nxe5 Nxe5 5. d4 Ng6 6. e5 Ng8 7. Bc4 d5 8.
Bxd5 c6 9. Be4 f5 10. Bf3 Bb4 11. O-O Bxc3 12. bxc3 Be6 13. Rb1 Qd7 14. a4 N8e7
15. Ba3 O-O 16. Re1 Rfe8 17. Qc1 h6 18. Bd6 Nc8 19. Bc5 Nge7 20. a5 Rb8 21. Qe3
b6 22. axb6 axb6 23. Ba3 b5 24. Bc5 Nd5 25. Qd3 Ncb6 26. Ra1 Nc4 27. Ra7 Rb7
28. Rea1 Nb2 29. Qd2 Nc4 30. Qd3 Reb8 31. R7a6 Kf7 32. Bh5+ g6 33. Bd1 Kg7 34.
R6a2 Ndb6 35. Bxb6 Nxb6 36. Ra5 Bc4 37. Qg3 Nd5 38. R1a3 Qe6 39. h3 Kh7 40. Bf3
Rf8 41. Qh4 g5 42. Qg3 Rff7 43. Ra8 Rg7 44. Rd8 Rbd7 45. Rf8 Rg8 46. Bxd5 Bxd5
47. Rf6 Qe7 48. Ra1 Be6 49. Qf3 g4 50. Qxc6 Rg6 51. Ra6 gxh3 52. Rxg6 Kxg6 53.
Qxe6+ Qxe6 54. Rxe6+ Kg5 55. gxh3 Rc7 56. d5 Rxc3 57. Rc6 Ra3 58. d6 1-0

[Event "?"]
[Site "ICS rated blitz match, 192.23"]
[Date "1997.??.??"]
[Round "?"]
[White "Brause"]
[Black "oldtimer"]
[Result "1-0"]
[WhiteElo "2545"]
[BlackElo "2350"]
[PlyCount "78"]

1. e4 e5 2. Nf3 Nc6 3. Nc3 Nf6 4. Nxe5 Nxe5 5. d4 Ng6 6. e5 Ng8 7. Bc4 d5 8.
Bxd5 c6 9. Be4 f5 10. Bf3 Bb4 11. O-O Bxc3 12. bxc3 Be6 13. Rb1 Qd7 14. a4 N8e7
15. Ba3 O-O 16. Re1 Rfe8 17. Qc1 h6 18. a5 Qc7 19. Bh5 Red8 20. Bd6 Qxa5 21.
Rxb7 Rd7 22. Rxd7 Bxd7 23. Qb2 Qb6 24. Qa2+ Kh7 25. Qf7 Be8 26. Bxg6+ Nxg6 27.
Qxf5 a5 28. h4 h5 29. g4 Kg8 30. gxh5 Nh8 31. e6 Qb7 32. Qf8+ Kh7 33. Be5 Bxh5
34. e7 Rxf8 35. exf8=Q Qd7 36. Bg3 Ng6 37. Qc5 Bf3 38. Kh2 Qg4 39. Qg5 Qxg5 1-0

[Event "?"]
[Site "ICS rated blitz match, 192.23"]
[Date "1997.??.??"]
[Round "?"]
[White "Brause"]
[Black "oldtimer"]
[Result "1/2-1/2"]
[WhiteElo "2550"]
[BlackElo "2345"]
[PlyCount "138"]

1. e4 e5 2. Nf3 Nc6 3. Nc3 Nf6 4. Nxe5 Nxe5 5. d4 Ng6 6. e5 Ng8 7. Bc4 d5 8.
Bxd5 c6 9. Be4 f5 10. Bf3 Bb4 11. O-O Be6 12. a3 Bxc3 13. bxc3 N8e7 14. Bg5 h6
15. Be3 O-O 16. Qd3 b5 17. Rfe1 Bc4 18. Qd1 Nd5 19. Bd2 Nge7 20. a4 a6 21. Ra3
Nb6 22. axb5 axb5 23. Rxa8 Qxa8 24. Qb1 Qa3 25. Qb4 Ra8 26. Qd6 Qxd6 27. exd6
Ned5 28. Bh5 Nf6 29. Bg6 Rd8 30. Bxf5 Nbd5 31. Re6 Kf7 32. f3 Ne8 33. d7 Rxd7
34. Rxh6 Rd6 35. Rxd6 Nxd6 36. Bd7 Ne7 37. Bg5 Ndc8 38. Kf2 Bd5 39. h4 Nb6 40.
Bg4 Na4 41. Bd2 Be6 42. Bxe6+ Kxe6 43. h5 Nd5 44. h6 gxh6 45. g4 Naxc3 46. Ke1
b4 47. Bxh6 Nb5 48. Bg7 Kf7 49. Be5 Nbc3 50. Kd2 Kg6 51. f4 Ne4+ 52. Ke2 Ndc3+
53. Ke3 Nf6 54. Kf3 Ncd5 55. Bd6 Ne8 56. Bc5 Ng7 57. Ke4 Kf6 58. Bd6 Ne8 59.
Be5+ Kg6 60. g5 Ne7 61. Kd3 Ng7 62. Bf6 Ngf5 63. c3 bxc3 64. Kxc3 Nd5+ 65. Kc4
Nxf6 66. gxf6 Kxf6 67. d5 Ne3+ 68. Kc5 Nxd5 69. Kxc6 Nxf4 1/2-1/2

[Event "?"]
[Site "ICS rated blitz match, 192.23"]
[Date "1997.??.??"]
[Round "?"]
[White "Brause"]
[Black "oldtimer"]
[Result "0-1"]
[WhiteElo "2545"]
[BlackElo "2350"]
[PlyCount "166"]

1. e4 e5 2. Nf3 Nc6 3. Nc3 Nf6 4. Nxe5 Nxe5 5. d4 Ng6 6. e5 Ng8 7. Bc4 d5 8.
Bxd5 c6 9. Be4 f5 10. Bf3 Bb4 11. O-O Be6 12. a3 Bxc3 13. bxc3 N8e7 14. Bg5 h6
15. Be3 b5 16. a4 a6 17. axb5 axb5 18. Rxa8 Qxa8 19. Qb1 Qa3 20. Qb4 Qxb4 21.
cxb4 Kd7 22. Ra1 Rc8 23. Ra7+ Rc7 24. Rxc7+ Kxc7 25. g3 Bd5 26. Bd1 Nf8 27. Kf1
Ne6 28. Ke1 Bc4 29. c3 Nd5 30. Bd2 Kd7 31. Bc2 Ne7 32. Bd1 Nc7 33. Be2 Bxe2 34.
Kxe2 Ke6 35. Kd3 Kd5 36. Bf4 g5 37. Bc1 Ne6 38. Be3 h5 39. f3 Ng6 40. Bd2 f4
41. Ke2 Kc4 42. Kf1 Kd3 43. Be1 fxg3 44. hxg3 Ne7 45. Kf2 Nd5 46. f4 gxf4 47.
gxf4 Nexf4 48. Kf3 Ne6 49. Bf2 Nxc3 50. Kg2 Ke2 51. Bg3 Nxd4 52. Bh2 Nd5 53. e6
Nxe6 54. Bd6 Nef4+ 55. Kg3 Ng6 56. Kg2 Ne3+ 57. Kg1 Kf3 58. Kh2 Ng4+ 59. Kh3
Nf2+ 60. Kh2 Ne4 61. Bc7 Kg4 62. Kg2 Ne7 63. Kf1 Nd5 64. Bh2 Kf3 65. Be5 Nxb4
66. Kg1 Nd3 67. Bh8 c5 68. Kh2 Ndf2 69. Bg7 c4 70. Bf8 c3 71. Ba3 c2 72. Bc1 h4
73. Kg1 b4 74. Kh2 b3 75. Ba3 Ng4+ 76. Kh3 Ne3 77. Bc1 Nf5 78. Kh2 Nf2 79. Kg1
Nd3 80. Bd2 b2 81. Kh2 b1=Q 82. Bf4 Qf1 83. Bc1 Qg2# 0-1

[Event "?"]
[Site "ICS rated blitz match, 192.23"]
[Date "1997.??.??"]
[Round "?"]
[White "Brause"]
[Black "oldtimer"]
[Result "0-1"]
[WhiteElo "2520"]
[BlackElo "2375"]
[PlyCount "144"]

1. e4 e5 2. Nf3 Nc6 3. Nc3 Nf6 4. Nxe5 Nxe5 5. d4 Ng6 6. e5 Ng8 7. Bc4 d5 8.
Bxd5 c6 9. Be4 f5 10. Bf3 Bb4 11. O-O Be6 12. a3 Bxc3 13. bxc3 N8e7 14. Bg5 h6
15. Be3 b5 16. a4 a6 17. axb5 axb5 18. Rxa8 Qxa8 19. Qb1 Qa3 20. Qb4 Qxb4 21.
cxb4 Kd7 22. Ra1 Rc8 23. Ra7+ Rc7 24. Rxc7+ Kxc7 25. Bd2 Kd7 26. Be2 Ba2 27.
Kf1 Ke6 28. g3 Kd5 29. c3 Bc4 30. Be1 Nf8 31. f3 Ne6 32. f4 Bxe2+ 33. Kxe2 Kc4
34. Kd2 Nd5 35. Kc2 h5 36. Bd2 Nec7 37. h3 Na8 38. Be1 g6 39. Bd2 Nab6 40. Be1
Na8 41. Bd2 Nac7 42. Be1 h4 43. gxh4 Nxf4 44. Bd2 Nxh3 45. Be1 Nf4 46. Bd2 Nce6
47. Bc1 Ng2 48. Bd2 Nxh4 49. Be1 Nf3 50. Bf2 g5 51. Kb2 f4 52. Kc2 g4 53. Kd1
Kd3 54. d5 cxd5 55. Ba7 g3 56. Bb6 d4 57. Bxd4 Nexd4 58. Kc1 Kxc3 59. Kb1 Nxe5
60. Ka1 Kb3 61. Kb1 Nd3 62. Ka1 Nc2+ 63. Kb1 Ncxb4 64. Ka1 Nc2+ 65. Kb1 Nd4 66.
Ka1 Ka3 67. Kb1 b4 68. Ka1 b3 69. Kb1 Ne2 70. Ka1 f3 71. Kb1 Nc3+ 72. Ka1 b2#
0-1

[Event "?"]
[Site "ICS rated blitz match, 192.23"]
[Date "1997.??.??"]
[Round "?"]
[White "Brause"]
[Black "Kiriakos"]
[Result "1-0"]
[WhiteElo "2510"]
[BlackElo "2050"]
[PlyCount "63"]

1. e4 e5 2. Nf3 Nc6 3. Nc3 Nf6 4. Nxe5 Nxe5 5. d4 Ng6 6. e5 Ng8 7. Bc4 d6 8.
Qf3 Be6 9. Qxb7 Bxc4 10. Qc6+ Ke7 11. exd6+ cxd6 12. Qxc4 Qc8 13. Qe2+ Qe6 14.
Be3 Nf6 15. O-O Ke8 16. Nb5 Nd5 17. c4 Nxe3 18. Nc7+ Kd7 19. Nxe6 Nxf1 20.
Nxf8+ Rhxf8 21. Rxf1 f5 22. Qh5 Ke7 23. h4 Kf6 24. Qg5+ Kf7 25. Qxf5+ Kg8 26.
Qd5+ Kh8 27. Qxd6 Rad8 28. Qa3 Nf4 29. Re1 Rf6 30. Qxa7 Rdf8 31. Re7 Ne2+ 32.
Rxe2 1-0

[Event "?"]
[Site "ICS rated blitz match, 192.23"]
[Date "1997.??.??"]
[Round "?"]
[White "Brause"]
[Black "Kiriakos"]
[Result "1-0"]
[WhiteElo "2510"]
[BlackElo "2050"]
[PlyCount "55"]

1. e4 e5 2. Nf3 Nc6 3. Nc3 Nf6 4. Nxe5 Nxe5 5. d4 Bb4 6. dxe5 Nxe4 7. Qg4 d5 8.
Qxg7 Rf8 9. Qxh7 Nxc3 10. a3 Ba5 11. Bd2 c6 12. bxc3 Qe7 13. Qh5 Qc5 14. Qf3
Rg8 15. Be2 Bg4 16. Qg3 O-O-O 17. Bxg4+ Kb8 18. O-O Ka8 19. Qf3 Bc7 20. Bh5
Bxe5 21. Bxf7 Rh8 22. h3 Rdf8 23. Rfe1 Bb8 24. Qf6 Rh7 25. Re7 Qd6 26. Qxd6
Bxd6 27. Re8+ Rxe8 28. Bxe8 1-0

[Event "?"]
[Site "ICS rated blitz match, 192.23"]
[Date "1997.??.??"]
[Round "?"]
[White "Brause"]
[Black "Kiriakos"]
[Result "1-0"]
[WhiteElo "2515"]
[BlackElo "2045"]
[PlyCount "54"]

1. e4 e5 2. Nf3 Nc6 3. Nc3 Nf6 4. Nxe5 Nxe5 5. d4 Ng6 6. e5 Be7 7. Bc4 O-O 8.
exf6 Bxf6 9. O-O c6 10. d5 b5 11. Be2 a6 12. Ne4 cxd5 13. Qxd5 Rb8 14. Bh5 Bb7
15. Nxf6+ Qxf6 16. Qxd7 Nh4 17. f3 Rfd8 18. Qg4 Ng6 19. Bg5 Qb6+ 20. Kh1 f6 21.
Bxg6 hxg6 22. Bf4 Rbc8 23. Qxg6 Rd7 24. Rae1 Rf8 25. Re8 Rdf7 26. Rxf8+ Rxf8
27. Rd1 Qc6 1-0

[Event "?"]
[Site "ICS rated blitz match, 192.23"]
[Date "1997.??.??"]
[Round "?"]
[White "Brause"]
[Black "Kiriakos"]
[Result "0-1"]
[WhiteElo "2520"]
[BlackElo "2040"]
[PlyCount "128"]

1. e4 e5 2. Nf3 Nc6 3. Nc3 Nf6 4. Nxe5 Nxe5 5. d4 Ng6 6. e5 Ng8 7. Bc4 d5 8.
Bxd5 Bb4 9. Qf3 Be6 10. Bxe6 fxe6 11. Qxb7 Bxc3+ 12. bxc3 N8e7 13. Rb1 O-O 14.
Bg5 Qd5 15. O-O Qxb7 16. Rxb7 Rfc8 17. Bxe7 Nxe7 18. Rfb1 Nd5 19. R1b3 Nb6 20.
h3 Kf8 21. Kh2 Ke8 22. Ra3 Kd7 23. Raxa7 Rxa7 24. Rxa7 Ra8 25. Rxa8 Nxa8 26.
Kg3 Nb6 27. a3 Kc6 28. f4 Kd5 29. f5 exf5 30. Kf4 Ke6 31. Kf3 g5 32. Ke2 Kd5
33. g3 h6 34. h4 Na4 35. hxg5 hxg5 36. Kd3 Nb6 37. a4 Nxa4 38. c4+ Ke6 39. c5
Kd5 40. c4+ Ke6 41. Kc2 c6 42. Kd3 Nxc5+ 43. dxc5 Kxe5 44. Ke3 f4+ 45. gxf4+
gxf4+ 46. Kd3 Kf5 47. Ke2 Ke4 48. Kf2 Kd4 49. Kf3 Kxc5 50. Ke2 Kxc4 51. Kf3 Kd4
52. Ke2 c5 53. Kf3 c4 54. Kf2 c3 55. Kf3 Kd3 56. Kg4 c2 57. Kh4 c1=Q 58. Kg5
f3+ 59. Kf5 f2 60. Kf6 f1=Q+ 61. Kg6 Qc6+ 62. Kh7 Qff6 63. Kg8 Qe8+ 64. Kh7
Qeh8# 0-1

[Event "?"]
[Site "ICS rated blitz match, 192.23"]
[Date "1997.??.??"]
[Round "?"]
[White "Brause"]
[Black "Kiriakos"]
[Result "1/2-1/2"]
[WhiteElo "2485"]
[BlackElo "2050"]
[PlyCount "53"]

1. e4 e5 2. Nf3 Nc6 3. Nc3 Nf6 4. Nxe5 Nxe5 5. d4 Ng6 6. e5 Ng8 7. Bc4 d5 8.
Bxd5 c6 9. Be4 Bb4 10. O-O N8e7 11. Ne2 O-O 12. c3 Ba5 13. Bg5 h6 14. Bxg6 fxg6
15. Qb3+ Kh7 16. Bh4 g5 17. Bg3 Nf5 18. h3 Bb6 19. Rac1 Qe7 20. Qc2 Kh8 21. Qe4
Be6 22. b3 Rad8 23. Rcd1 Bd5 24. Qd3 Be6 25. Qe4 Bd5 26. Qd3 Be6 27. Qe4
1/2-1/2

[Event "?"]
[Site "ICS rated blitz match, 192.23"]
[Date "1997.??.??"]
[Round "?"]
[White "Brause"]
[Black "Kiriakos"]
[Result "1-0"]
[WhiteElo "2475"]
[BlackElo "2065"]
[PlyCount "43"]

1. e4 e5 2. Nf3 Nc6 3. Nc3 Nf6 4. Nxe5 Nxe5 5. d4 Ng6 6. e5 Ng8 7. Bc4 d5 8.
Bxd5 c6 9. Be4 Bb4 10. O-O Bxc3 11. bxc3 N8e7 12. Qd3 O-O 13. f4 f5 14. exf6
Rxf6 15. f5 Nf8 16. Qc4+ Nd5 17. Bg5 h6 18. Bxf6 gxf6 19. Rae1 Bd7 20. Bxd5+
cxd5 21. Qxd5+ Kh7 22. Qf7+ 1-0

[Event "?"]
[Site "ICS rated blitz match, 192.23"]
[Date "1997.??.??"]
[Round "?"]
[White "Brause"]
[Black "Kiriakos"]
[Result "1-0"]
[WhiteElo "2480"]
[BlackElo "2055"]
[PlyCount "47"]

1. e4 e5 2. Nf3 Nc6 3. Nc3 Nf6 4. Nxe5 Nxe5 5. d4 Ng6 6. e5 Ng8 7. Bc4 d5 8.
Bxd5 c6 9. Be4 Bb4 10. O-O Bxc3 11. bxc3 N8e7 12. Qd3 O-O 13. f4 f5 14. exf6
Rxf6 15. f5 Nf8 16. Bg5 Nd5 17. Bxd5+ cxd5 18. c4 dxc4 19. Qxc4+ Kh8 20. Bxf6
Qxf6 21. Rab1 b5 22. Qd5 Rb8 23. Qe5 Nd7 24. Qe8+ 1-0

[Event "?"]
[Site "ICS rated blitz match, 192.23"]
[Date "1997.??.??"]
[Round "?"]
[White "Brause"]
[Black "Kiriakos"]
[Result "1-0"]
[WhiteElo "2490"]
[BlackElo "2100"]
[PlyCount "49"]

1. e4 e5 2. Nf3 Nc6 3. Nc3 Nf6 4. Nxe5 Nxe5 5. d4 Ng6 6. e5 Ng8 7. Bc4 d5 8.
Bxd5 c6 9. Be4 Bb4 10. O-O Bxc3 11. bxc3 Be6 12. Qd3 Bd5 13. Bxg6 hxg6 14. Bf4
Ne7 15. c4 Be6 16. Bg5 Qd7 17. Rad1 O-O-O 18. Qa3 Nf5 19. d5 cxd5 20. cxd5 Bxd5
21. c4 f6 22. Rxd5 Qc7 23. Rc5 fxg5 24. Rxc7+ Kxc7 25. Qxa7 1-0

[Event "?"]
[Site "ICS rated blitz match, 192.23"]
[Date "1997.??.??"]
[Round "?"]
[White "Brause"]
[Black "Kamberi"]
[Result "1-0"]
[WhiteElo "2495"]
[BlackElo "2315"]
[PlyCount "45"]

1. e4 e5 2. Nf3 Nf6 3. Nc3 Nc6 4. Nxe5 Nxe5 5. d4 Nc6 6. d5 Bb4 7. dxc6 bxc6 8.
Qd4 Qe7 9. f3 d5 10. Bg5 dxe4 11. Bxf6 gxf6 12. O-O-O Bxc3 13. Qxc3 Bd7 14. Re1
O-O 15. Rxe4 Qd6 16. Rd4 Qe7 17. Bd3 Rab8 18. Bxh7+ Kxh7 19. Qd3+ Kg7 20. Rxd7
Qe5 21. Qd4 Qg5+ 22. f4 Qb5 23. Rxc7 1-0

[Event "?"]
[Site "ICS rated blitz match, 192.23"]
[Date "1997.??.??"]
[Round "?"]
[White "Brause"]
[Black "Kamberi"]
[Result "1/2-1/2"]
[WhiteElo "2510"]
[BlackElo "2295"]
[PlyCount "59"]

1. e4 e5 2. Nf3 Nf6 3. Nc3 Nc6 4. Nxe5 Nxe5 5. d4 Nc6 6. d5 Bb4 7. dxc6 bxc6 8.
Qd4 Qe7 9. f3 Bc5 10. Qd3 O-O 11. Bg5 h6 12. Bh4 g5 13. Bg3 d5 14. O-O-O dxe4
15. fxe4 Be6 16. Be2 Rab8 17. e5 Nd5 18. Nxd5 Bxd5 19. Bf3 Bxa2 20. Bxc6 Rb6
21. Be4 Rfb8 22. b3 Ba3+ 23. Kd2 Rd8 24. Bd5 c6 25. Qg6+ Kh8 26. Qxh6+ Kg8 27.
Qg6+ Kh8 28. Qh6+ Kg8 29. Qg6+ Kh8 30. Qh6+ 1/2-1/2

[Event "?"]
[Site "ICS rated blitz match, 192.23"]
[Date "1997.??.??"]
[Round "?"]
[White "Brause"]
[Black "Kiriakos"]
[Result "1-0"]
[WhiteElo "2490"]
[BlackElo "2095"]
[PlyCount "77"]

1. e4 e5 2. Nf3 Nc6 3. Nc3 Nf6 4. Nxe5 Nxe5 5. d4 Ng6 6. e5 Ng8 7. Bc4 d5 8.
Bxd5 c6 9. Be4 Bb4 10. O-O Bxc3 11. bxc3 N8e7 12. Qd3 O-O 13. f4 f5 14. exf6
Rxf6 15. f5 Nf8 16. Bg5 Nd5 17. Bxd5+ cxd5 18. c4 dxc4 19. Qxc4+ Kh8 20. Bxf6
Qxf6 21. Rab1 b5 22. Qd5 Rb8 23. Qe5 Nd7 24. Qe8+ Qf8 25. Qxf8+ Nxf8 26. c4 Bd7
27. c5 Bc6 28. f6 g6 29. Rfe1 Rd8 30. Rbd1 Nd7 31. d5 Ba8 32. c6 Nxf6 33. c7
Rc8 34. d6 Bc6 35. Re7 Bd7 36. Rf7 Bg4 37. Rxf6 Bxd1 38. d7 Rxc7 39. d8=Q+ 1-0

[Event "?"]
[Site "ICS rated blitz match, 192.23"]
[Date "1997.??.??"]
[Round "?"]
[White "Brause"]
[Black "Kiriakos"]
[Result "1-0"]
[WhiteElo "2505"]
[BlackElo "2105"]
[PlyCount "62"]

1. e4 e5 2. Nf3 Nc6 3. Nc3 Nf6 4. Nxe5 Nxe5 5. d4 Ng6 6. e5 Ng8 7. Bc4 d5 8.
Bxd5 c6 9. Be4 Be6 10. f4 f5 11. d5 cxd5 12. Bxd5 Bxd5 13. Qxd5 Qxd5 14. Nxd5
O-O-O 15. Nc3 Bc5 16. g3 Nh6 17. Na4 Be7 18. Be3 Ng4 19. Bxa7 h5 20. Nb6+ Kc7
21. Nc4 h4 22. Bb6+ Kc6 23. Bxd8 Bxd8 24. Ke2 b5 25. Nd6 Bb6 26. Nxf5 Nf2 27.
Rhf1 hxg3 28. hxg3 Rh2 29. Kf3 Nh3 30. Nxg7 Nhxf4 31. gxf4 Nh4+ 1-0